| 000 | 00640nam a2200205 i 4500 | ||
|---|---|---|---|
| 001 | 101130 | ||
| 003 | ES-MaACL | ||
| 005 | 20250716063251.0 | ||
| 007 | t| | ||
| 008 | 051013s1959 sp ||||1| spa d | ||
| 100 | 1 |
_aMauriac, François, _d1885-1970 _979251 |
|
| 245 | 1 | 3 |
_aEl fin de la noche / _cpor François Mauriac; versión castellana de Fernando Gutiérrez. |
| 260 |
_aBarcelona : _bG.P., _c1959. |
||
| 300 |
_a143 p. ; _c18 cm. |
||
| 490 | 1 | _aLibros Plaza | |
| 700 | 1 |
_aGutiérrez, Fernando, _d1911-1984 _9156260 |
|
| 830 | 0 |
_aLibros Plaza _9181449 |
|
| 852 |
_aES-MaACL _jC-17524 _bR.44829 |
||
| 999 |
_c101130 _d101130 |
||